000 00681nam a2200205Ia 4500
005 20250508151848.0
008 008 250505s9999 xx 000 0 eng d
037 _aTextual
040 _aFEDL
_beng
_cFEDL
041 _aeng
_2eng
084 _a155.284 2, MUN
_qFEDL
100 _aMunroe Ruth Learned
_9760179
245 0 _aPrediction of the adjustment and academic performance of college students by modification of the rorschach method
260 _aStanford, USA
_bStanford University Press
_c1945
300 _a104p
490 _aAppplied psychology monographs
650 _aPersonality
942 _cTEXL
_h155.284 2, MUN
999 _c1332567
_d1332567